000 00311nam a22001337a 4500
008 170418b xxu||||| |||| 00| 0 eng d
020 _a9780397512126
041 _aeng
080 _a579
100 _a11
101 _aSHM
245 _aCLINICAL MICROBIOLOGY STUDY GUIDE
_cLIRANZO.M.O
942 _2udc
_cBK
999 _c11013
_d11013